000 00631nam a2200241 i 4500
001 C2-0285807
003 PPAK
005 20180728015407.0
008 080113s2007 my |||| ||||| | may d
020 _a9789838937504
040 _aPPAK
_beng
_cPPAK
_erda
082 0 4 _a899.233
_223
090 0 0 _a899.233
_bNAS
_dG
100 0 _aNass Alina Noah,
_eauthor
245 1 0 _aMy baby girl
264 1 _aKuala Lumpur :
_bCreative Enterprise ,
_c2007
300 _a478 pages ;
_c19 cm
336 _2rdacontent
_atext
337 _2rdamedia
_aunmediated
338 _2rdacarrier
_avolume
650 1 0 _aMalay fiction.
942 _ddc
_cB
999 _c91626
_d91626